| 000 | 00899nac a22001811u 4500 | ||
|---|---|---|---|
| 008 | 101027t xxu||||| |||| 00| 0 ara d | ||
| 082 |
_a189 _bم ح م |
||
| 100 | 1 |
_aمحمود ، عبد القادر _920649 |
|
| 245 |
_aالفلسفة الصوفية في الإسلام : _bمصادرها ونظرياتها ومكانها من الدين والحياة / _cعبد القادر محمود |
||
| 260 |
_a[د . م] : _bدار الفكر العربي ، _c[د . ت]. |
||
| 300 |
_a701 ص ؛ _c24 سم. |
||
| 504 | _aيشتمل على ببليوجرافية ص 387-395 | ||
| 511 | _aCatalogued by: Sara | ||
| 650 |
_aالفلسفة الإسلامية _98788 |
||
| 650 |
_aالتصوف الإسلامي _916733 |
||
| 942 |
_cBB _k189 م ح م _2ddc |
||
| 999 |
_c7521 _d7521 |
||